A década perdida (Registo nº 193313)

Detalhes MARC
000 -Etiqueta do registo
Valores 00583nam 22001933 4500
010 ## - Número ISBN
ISBN 972-33-0796-0
021 ## - Número do Depósito Legal
Número 24135/89
100 ## - Dados gerais de processamento
Dados gerais 20241211d u||y0pory50 ba
200 ## - Titulo e menção de responsabilidade
Título próprio A década perdida
Primeira menção de responsabilidade F. Scott Fitzgerald
Outras menções de responsabilidade tradução M. F. Gonçalves de Azevedo
210 ## - Publicação
Local de publicação Lisboa
Nome do editor Editorial Estampa
Data de publicação [19--?]
215 ## - Descrição física 
Paginação / Volumes 251 p.
Outras indicações físicas brochado
Dimensões 23 cm
606 ## - Nome comum usado como assunto
ID Autoridade 16
Palavra de ordem Literatura Americana
675 ## - CDU
Notação 821.111(73)-3
Edição PT
Língua por
700 ## - Autor principal (pessoa individual)
ID Autoridade 505
Apelido Fitzgerald
Nome F. Scott
Datas 1896-1940
801 ## - Fonte de origem
País PT
Agência BMMN
Regras de catalogação RPC
830 ## - Notas gerais do catalogador
Criado por Fernando
Indexado por Fernando
990 ## - Elementos KOHA
Tipo de documento Livro
Exemplares
Situação do levantamento Biblioteca de origem Código de barras Cota Permissão de empréstimo Tipo de documento Forma de aquisição
  Biblioteca Municipal de Montemor-o-Novo 19847 821.111(73)-3 FIT|DEP   Livro Compra

Powered by Koha